Incomplete Life: The Autobiography (Record no. 233514)
[ view plain ]
| 000 -LEADER | |
|---|---|
| fixed length control field | 01905nam a22002177a 4500 |
| 005 - DATE AND TIME OF LATEST TRANSACTION | |
| control field | 20250106141745.0 |
| 008 - FIXED-LENGTH DATA ELEMENTS--GENERAL INFORMATION | |
| fixed length control field | 250106b ||||| |||| 00| 0 eng d |
| 020 ## - INTERNATIONAL STANDARD BOOK NUMBER | |
| International Standard Book Number | 9788119300877 |
| 040 ## - CATALOGING SOURCE | |
| Transcribing agency | AL |
| 041 ## - LANGUAGE CODE | |
| Language code of text/sound track or separate title | eng |
| 082 ## - DEWEY DECIMAL CLASSIFICATION NUMBER | |
| Edition number | 23 |
| Classification number | 920.9338 |
| Item number | SINI |
| 100 ## - MAIN ENTRY--PERSONAL NAME | |
| Personal name | Vijayapat Singhania |
| 100 ## - MAIN ENTRY--PERSONAL NAME | |
| 9 (RLIN) | 192264 |
| 245 ## - TITLE STATEMENT | |
| Title | Incomplete Life: The Autobiography |
| 260 ## - PUBLICATION, DISTRIBUTION, ETC. | |
| Place of publication, distribution, etc. | New Delhi |
| Name of publisher, distributor, etc. | PAN |
| Date of publication, distribution, etc. | 2024 |
| 300 ## - PHYSICAL DESCRIPTION | |
| Extent | x,212p. |
| Other physical details | PB |
| Dimensions | 20x18cm. |
| 365 ## - TRADE PRICE | |
| Source of price type code | Physics |
| Price type code | XIA4-155580 |
| Price amount | 322.04 |
| Currency code | ₹ |
| Unit of pricing | 332.00 |
| Price note | 3% |
| Price effective from | 17-12-02024 |
| 521 ## - TARGET AUDIENCE NOTE | |
| Target audience note | ‘If only I knew then what I know now, my life would be completely different.’In February 2015, an unforeseen setback cost Vijaypat Singhania, the erstwhile Chairman Emeritus of Raymond Group, the work of his life and his cherished family home. One of India’s most legendary industrialists, today he is fighting a battle to recover all that he has lost. In his first and only autobiography, he traces his extraordinary life from an anguished childhood to the many dynamic decades he spent at Raymond and the tumultuous years after. Born into the famed Singhania family, Vijaypat was always expected to take up the storied family business. But not one to be deterred from pursuing his own passions, he also nurtured his love for adventure in the skies and broke two world records as an aviator, served a brief stint as a professor and even became the sheriff of Mumbai for a time. All the while, under his stewardship, the Raymond Group diversified into new segments, with Raymond soon being recognized as one of India’s most trusted apparel brands. And then a singular misstep set in motion a grave misfortune … Intimate, candid and deeply moving, An Incomplete Life is in fact a rare glimpse into a life lived to the fullest but marked by the painful sting of regret and heartbreaks. |
| 650 ## - SUBJECT ADDED ENTRY--TOPICAL TERM | |
| Topical term or geographic name entry element | Autobiography |
| 9 (RLIN) | 192261 |
| 700 ## - ADDED ENTRY--PERSONAL NAME | |
| Personal name | SINGHANIA (Vijaypat) |
| 9 (RLIN) | 192262 |
| 942 ## - ADDED ENTRY ELEMENTS (KOHA) | |
| Source of classification or shelving scheme | Dewey Decimal Classification |
| Koha item type | Book |
| Withdrawn status | Lost status | Source of classification or shelving scheme | Damaged status | Not for loan | Collection code | Home library | Current library | Date acquired | Source of acquisition | Cost, normal purchase price | Total Checkouts | Full call number | Barcode | Date last seen | Cost, replacement price | Price effective from | Koha item type |
|---|---|---|---|---|---|---|---|---|---|---|---|---|---|---|---|---|---|
| Dewey Decimal Classification | Physics | St Aloysius Library | St Aloysius Library | 01/03/2025 | amazon.in | 322.04 | 920.9338 SINI | 077471 | 01/06/2025 | 332.00 | 01/06/2025 | Book |